[Event "DVM U20 2020"]
[Site "Willingen GER"]
[Date "2021.06.25"]
[Round "3"]
[White "Fieberg, Samuel"]
[Black "Wu, Luka"]
[Result "1-0"]
[Termination "normal"]
[Board "1.3"]
[WhiteTitle "FM"]
[WhiteElo "2180"]
[BlackElo "2065"]
[WhiteClock "00:18:04"]
[BlackClock "00:07:26"]
[WhiteTeam "Schachgemeinschaft Porz e. V."]
[BlackTeam "OSG Baden-Baden"]
[PlyCount "143"]
[WhiteFideId "12901717"]
[BlackFideId "12977420"]
[EventCountry "GER"]
[EventRounds "7"]
[EventType "team-swiss"]
[EventDate "2021.06.23"]

1. e4 {[%clk 01:30:55]} {[%emt 00:00:03]} c5 {[%clk 01:30:56]} {[%emt
00:00:05]} 2. Nf3 {[%clk 01:31:21]} {[%emt 00:00:04]} d6 {[%clk 01:31:23]}
{[%emt 00:00:03]} 3. d4 {[%clk 01:31:47]} {[%emt 00:00:04]} cxd4 {[%clk
01:31:49]} {[%emt 00:00:05]} 4. Nxd4 {[%clk 01:32:14]} {[%emt 00:00:03]} Nf6
{[%clk 01:32:13]} {[%emt 00:00:05]} 5. Nc3 {[%clk 01:32:39]} {[%emt 00:00:05]}
g6 {[%clk 01:32:39]} {[%emt 00:00:05]} 6. g3 {[%clk 01:33:04]} {[%emt
00:00:05]} Nc6 {[%clk 01:32:43]} {[%emt 00:00:26]} 7. Bg2 {[%clk 01:33:28]}
{[%emt 00:00:06]} Nxd4 {[%clk 01:30:49]} {[%emt 00:02:23]} 8. Qxd4 {[%clk
01:33:51]} {[%emt 00:00:06]} Bg7 {[%clk 01:31:13]} {[%emt 00:00:07]} 9. O-O
{[%clk 01:33:48]} {[%emt 00:00:33]} O-O {[%clk 01:31:32]} {[%emt 00:00:11]} 10.
a4 {[%clk 01:34:06]} {[%emt 00:00:11]} Bd7 {[%clk 00:55:01]} {[%emt 00:37:01]}
11. Qb4 {[%clk 01:25:51]} {[%emt 00:08:45]} Bc6 {[%clk 00:54:15]} {[%emt
00:01:18]} 12. Nd5 {[%clk 01:25:45]} {[%emt 00:00:35]} Nd7 {[%clk 00:43:39]}
{[%emt 00:11:06]} 13. Bg5 {[%clk 01:21:34]} {[%emt 00:04:41]} Re8 {[%clk
00:43:24]} {[%emt 00:00:45]} 14. c3 {[%clk 01:21:30]} {[%emt 00:00:33]} a5
{[%clk 00:31:04]} {[%emt 00:12:51]} 15. Qb3 {[%clk 01:12:22]} {[%emt 00:09:37]}
h6 {[%clk 00:31:22]} {[%emt 00:00:13]} 16. Be3 {[%clk 01:12:21]} {[%emt
00:00:29]} e6 {[%clk 00:22:14]} {[%emt 00:09:40]} 17. Nb6 {[%clk 01:06:01]}
{[%emt 00:06:49]} Ra6 {[%clk 00:20:20]} {[%emt 00:02:24]} 18. Nxd7 {[%clk
01:04:36]} {[%emt 00:01:56]} Qxd7 {[%clk 00:20:43]} {[%emt 00:00:07]} 19. Rfd1
{[%clk 00:58:37]} {[%emt 00:06:29]} Qe7 {[%clk 00:13:52]} {[%emt 00:07:20]} 20.
Rd2 {[%clk 00:54:27]} {[%emt 00:04:40]} f5 {[%clk 00:12:30]} {[%emt 00:01:53]}
21. exf5 {[%clk 00:53:59]} {[%emt 00:00:58]} Bxg2 {[%clk 00:12:15]} {[%emt
00:00:46]} 22. Kxg2 {[%clk 00:49:17]} {[%emt 00:05:12]} gxf5 {[%clk 00:12:40]}
{[%emt 00:00:05]} 23. Qb5 {[%clk 00:48:44]} {[%emt 00:01:01]} Rc8 {[%clk
00:12:04]} {[%emt 00:01:05]} 24. Re1 {[%clk 00:42:35]} {[%emt 00:06:40]} d5
{[%clk 00:10:58]} {[%emt 00:01:37]} 25. Bd4 {[%clk 00:40:26]} {[%emt 00:02:39]}
Bxd4 {[%clk 00:08:43]} {[%emt 00:02:45]} 26. Rxd4 {[%clk 00:40:39]} {[%emt
00:00:17]} Rc5 {[%clk 00:08:22]} {[%emt 00:00:51]} 27. Qe2 {[%clk 00:40:09]}
{[%emt 00:01:00]} Qf6 {[%clk 00:08:06]} {[%emt 00:00:46]} 28. Qh5 {[%clk
00:38:06]} {[%emt 00:02:33]} Kg7 {[%clk 00:07:29]} {[%emt 00:01:07]} 29. Qe8
{[%clk 00:37:19]} {[%emt 00:01:16]} Qf7 {[%clk 00:06:14]} {[%emt 00:01:47]} 30.
Qd8 {[%clk 00:35:50]} {[%emt 00:01:56]} Rac6 {[%clk 00:05:57]} {[%emt
00:00:47]} 31. Qb8 {[%clk 00:28:26]} {[%emt 00:07:55]} Kh7 {[%clk 00:05:07]}
{[%emt 00:01:20]} 32. Re3 {[%clk 00:27:17]} {[%emt 00:01:40]} Rc8 {[%clk
00:04:55]} {[%emt 00:00:42]} 33. Qe5 {[%clk 00:27:16]} {[%emt 00:00:30]} R5c6
{[%clk 00:04:58]} {[%emt 00:00:27]} 34. Rd2 {[%clk 00:16:16]} {[%emt 00:11:31]}
Rg8 {[%clk 00:03:04]} {[%emt 00:02:24]} 35. f4 {[%clk 00:14:47]} {[%emt
00:01:59]} Ra8 {[%clk 00:03:03]} {[%emt 00:00:31]} 36. Rde2 {[%clk 00:07:34]}
{[%emt 00:07:43]} Kg6 {[%clk 00:02:33]} {[%emt 00:00:59]} 37. Qd4 {[%clk
00:05:32]} {[%emt 00:02:33]} Qf6 {[%clk 00:02:36]} {[%emt 00:00:27]} 38. Re5
{[%clk 00:04:58]} {[%emt 00:01:03]} Raa6 {[%clk 00:02:45]} {[%emt 00:00:21]}
39. Qd3 {[%clk 00:04:30]} {[%emt 00:00:58]} Kf7 {[%clk 00:02:34]} {[%emt
00:00:42]} 40. Qb5 {[%clk 00:03:02]} {[%emt 00:01:57]} Rc7 {[%clk 00:00:49]}
{[%emt 00:02:16]} 41. h3 {[%clk 00:28:44]} {[%emt 00:04:48]} Qd8 {[%clk
00:20:54]} {[%emt 00:10:25]} 42. Rd2 {[%clk 00:27:26]} {[%emt 00:01:48]} Qd7
{[%clk 00:16:34]} {[%emt 00:04:50]} 43. c4 {[%clk 00:20:30]} {[%emt 00:07:25]}
Qxb5 {[%clk 00:15:50]} {[%emt 00:01:14]} 44. axb5 {[%clk 00:20:51]} {[%emt
00:00:09]} Rd6 {[%clk 00:16:05]} {[%emt 00:00:15]} 45. cxd5 {[%clk 00:20:54]}
{[%emt 00:00:26]} Rxd5 {[%clk 00:16:20]} {[%emt 00:00:17]} 46. Rdxd5 {[%clk
00:20:56]} {[%emt 00:00:28]} exd5 {[%clk 00:16:36]} {[%emt 00:00:15]} 47. Rxd5
{[%clk 00:17:38]} {[%emt 00:03:47]} Rc2+ {[%clk 00:16:30]} {[%emt 00:00:36]}
48. Kf3 {[%clk 00:18:02]} {[%emt 00:00:05]} Rxb2 {[%clk 00:16:52]} {[%emt
00:00:09]} 49. Rxf5+ {[%clk 00:17:52]} {[%emt 00:00:40]} Kg7 {[%clk 00:15:33]}
{[%emt 00:01:49]} 50. Rd5 {[%clk 00:17:32]} {[%emt 00:00:48]} b6 {[%clk
00:15:37]} {[%emt 00:00:27]} 51. Ke4 {[%clk 00:15:38]} {[%emt 00:02:25]} Rb3
{[%clk 00:14:17]} {[%emt 00:01:50]} 52. g4 {[%clk 00:16:01]} {[%emt 00:00:07]}
a4 {[%clk 00:12:21]} {[%emt 00:02:26]} 53. Kf5 {[%clk 00:15:44]} {[%emt
00:00:46]} Rxh3 {[%clk 00:09:25]} {[%emt 00:03:27]} 54. Rd7+ {[%clk 00:16:08]}
{[%emt 00:00:06]} Kf8 {[%clk 00:09:10]} {[%emt 00:00:45]} 55. Kf6 {[%clk
00:15:35]} {[%emt 00:01:02]} Ke8 {[%clk 00:06:57]} {[%emt 00:02:43]} 56. Re7+
{[%clk 00:15:55]} {[%emt 00:00:10]} Kd8 {[%clk 00:06:58]} {[%emt 00:00:29]} 57.
Rb7 {[%clk 00:16:14]} {[%emt 00:00:11]} Rf3 {[%clk 00:06:40]} {[%emt 00:00:48]}
58. Kf5 {[%clk 00:16:30]} {[%emt 00:00:15]} a3 {[%clk 00:06:47]} {[%emt
00:00:22]} 59. Rxb6 {[%clk 00:16:30]} {[%emt 00:00:30]} a2 {[%clk 00:06:43]}
{[%emt 00:00:35]} 60. Ra6 {[%clk 00:16:49]} {[%emt 00:00:10]} Rb3 {[%clk
00:07:08]} {[%emt 00:00:06]} 61. Rxa2 {[%clk 00:16:01]} {[%emt 00:01:18]} Rxb5+
{[%clk 00:07:30]} {[%emt 00:00:08]} 62. Kg6 {[%clk 00:15:45]} {[%emt 00:00:45]}
Rb6+ {[%clk 00:07:12]} {[%emt 00:00:48]} 63. Kh5 {[%clk 00:16:00]} {[%emt
00:00:16]} Ke8 {[%clk 00:05:27]} {[%emt 00:02:15]} 64. Ra7 {[%clk 00:16:16]}
{[%emt 00:00:13]} Kf8 {[%clk 00:05:15]} {[%emt 00:00:43]} 65. Rh7 {[%clk
00:16:35]} {[%emt 00:00:10]} Kg8 {[%clk 00:05:36]} {[%emt 00:00:09]} 66. Rxh6
{[%clk 00:16:49]} {[%emt 00:00:17]} Rb5+ {[%clk 00:05:56]} {[%emt 00:00:10]}
67. g5 {[%clk 00:17:11]} {[%emt 00:00:07]} Kg7 {[%clk 00:06:17]} {[%emt
00:00:10]} 68. Ra6 {[%clk 00:17:28]} {[%emt 00:00:12]} Kh7 {[%clk 00:06:36]}
{[%emt 00:00:11]} 69. Ra7+ {[%clk 00:17:50]} {[%emt 00:00:08]} Kg8 {[%clk
00:07:02]} {[%emt 00:00:04]} 70. Kh6 {[%clk 00:17:45]} {[%emt 00:00:35]} Rb4
{[%clk 00:07:03]} {[%emt 00:00:29]} 71. g6 {[%clk 00:17:44]} {[%emt 00:00:31]}
Rb8 {[%clk 00:07:26]} {[%emt 00:00:07]} 72. f5 {[%clk 00:18:04]} {[%emt
00:00:10]} 1-0

[Event "DVM U20 2020"]
[Site "Willingen GER"]
[Date "2021.06.25"]
[Round "3"]
[White "Wu, Leon"]
[Black "Gallasch, Jonas"]
[Result "0-1"]
[Termination "normal"]
[Board "1.4"]
[WhiteElo "1981"]
[BlackElo "2112"]
[WhiteClock "00:11:18"]
[BlackClock "00:18:42"]
[WhiteTeam "OSG Baden-Baden"]
[BlackTeam "Schachgemeinschaft Porz e. V."]
[PlyCount "56"]
[WhiteFideId "12977438"]
[BlackFideId "16222474"]
[EventCountry "GER"]
[EventRounds "7"]
[EventType "team-swiss"]
[EventDate "2021.06.23"]

1. e4 {[%clk 01:30:55]} {[%emt 00:00:04]} c5 {[%clk 01:30:54]} {[%emt
00:00:07]} 2. Nf3 {[%clk 01:31:13]} {[%emt 00:00:12]} Nc6 {[%clk 01:31:18]}
{[%emt 00:00:06]} 3. d4 {[%clk 01:31:28]} {[%emt 00:00:15]} cxd4 {[%clk
01:31:43]} {[%emt 00:00:06]} 4. Nxd4 {[%clk 01:31:43]} {[%emt 00:00:14]} Nf6
{[%clk 01:32:08]} {[%emt 00:00:05]} 5. Nc3 {[%clk 01:31:45]} {[%emt 00:00:29]}
e5 {[%clk 01:32:32]} {[%emt 00:00:06]} 6. Ndb5 {[%clk 01:31:58]} {[%emt
00:00:17]} d6 {[%clk 01:32:56]} {[%emt 00:00:05]} 7. Bg5 {[%clk 01:31:49]}
{[%emt 00:00:37]} a6 {[%clk 01:33:20]} {[%emt 00:00:07]} 8. Na3 {[%clk
01:31:45]} {[%emt 00:00:35]} b5 {[%clk 01:33:45]} {[%emt 00:00:05]} 9. Nd5
{[%clk 01:31:38]} {[%emt 00:00:37]} Be7 {[%clk 01:34:10]} {[%emt 00:00:04]} 10.
Bxf6 {[%clk 01:31:43]} {[%emt 00:00:26]} Bxf6 {[%clk 01:34:35]} {[%emt
00:00:05]} 11. c4 {[%clk 01:31:49]} {[%emt 00:00:23]} b4 {[%clk 01:34:59]}
{[%emt 00:00:06]} 12. Nc2 {[%clk 01:32:12]} {[%emt 00:00:07]} a5 {[%clk
01:35:25]} {[%emt 00:00:05]} 13. Be2 {[%clk 01:31:11]} {[%emt 00:01:30]} O-O
{[%clk 01:33:33]} {[%emt 00:02:22]} 14. O-O {[%clk 01:29:40]} {[%emt 00:02:01]}
Bg5 {[%clk 01:30:04]} {[%emt 00:03:59]} 15. Qd3 {[%clk 01:27:56]} {[%emt
00:02:15]} Be6 {[%clk 01:22:31]} {[%emt 00:08:03]} 16. Rad1 {[%clk 01:28:10]}
{[%emt 00:00:16]} Ra7 {[%clk 01:13:26]} {[%emt 00:09:35]} 17. g3 {[%clk
01:20:32]} {[%emt 00:08:08]} f5 {[%clk 00:57:49]} {[%emt 00:16:06]} 18. Nde3
{[%clk 00:52:30]} {[%emt 00:28:32]} f4 {[%clk 00:35:29]} {[%emt 00:22:50]} 19.
Qxd6 {[%clk 00:40:29]} {[%emt 00:12:32]} Qxd6 {[%clk 00:33:45]} {[%emt
00:02:13]} 20. Rxd6 {[%clk 00:40:43]} {[%emt 00:00:16]} Bh3 {[%clk 00:34:03]}
{[%emt 00:00:11]} 21. Ng2 {[%clk 00:39:06]} {[%emt 00:02:08]} Rc7 {[%clk
00:33:01]} {[%emt 00:01:32]} 22. f3 {[%clk 00:32:48]} {[%emt 00:06:48]} Be7
{[%clk 00:21:31]} {[%emt 00:12:00]} 23. Rd5 {[%clk 00:25:51]} {[%emt 00:07:27]}
Be6 {[%clk 00:21:04]} {[%emt 00:00:57]} 24. Rb5 {[%clk 00:24:13]} {[%emt
00:02:08]} Rd7 {[%clk 00:19:05]} {[%emt 00:02:30]} 25. Kf2 {[%clk 00:17:41]}
{[%emt 00:07:01]} Rd2 {[%clk 00:18:01]} {[%emt 00:01:33]} 26. Rb6 {[%clk
00:10:35]} {[%emt 00:07:38]} Bc5+ {[%clk 00:17:56]} {[%emt 00:00:34]} 27. Ke1
{[%clk 00:10:51]} {[%emt 00:00:14]} Rxe2+ {[%clk 00:18:19]} {[%emt 00:00:07]}
28. Kxe2 {[%clk 00:11:18]} {[%emt 00:00:03]} Bxc4+ {[%clk 00:18:42]} {[%emt
00:00:07]} 0-1

[Event "DVM U20 2020"]
[Site "Willingen GER"]
[Date "2021.06.25"]
[Round "3"]
[White "Mohammadi Nia, Borna"]
[Black "Jurga, Jonas Vincent"]
[Result "1-0"]
[Termination "normal"]
[Board "1.5"]
[WhiteElo "2079"]
[BlackElo "1907"]
[WhiteClock "00:17:36"]
[BlackClock "00:47:08"]
[WhiteTeam "Schachgemeinschaft Porz e. V."]
[BlackTeam "OSG Baden-Baden"]
[PlyCount "57"]
[WhiteFideId "16207319"]
[BlackFideId "12968013"]
[EventCountry "GER"]
[EventRounds "7"]
[EventType "team-swiss"]
[EventDate "2021.06.23"]

1. e4 {[%clk 01:30:57]} {[%emt 00:00:02]} e5 {[%clk 01:30:54]} {[%emt
00:00:06]} 2. Nf3 {[%clk 01:31:23]} {[%emt 00:00:04]} Nc6 {[%clk 01:31:19]}
{[%emt 00:00:05]} 3. Bb5 {[%clk 01:31:50]} {[%emt 00:00:04]} a6 {[%clk
01:31:45]} {[%emt 00:00:03]} 4. Ba4 {[%clk 01:32:13]} {[%emt 00:00:07]} d6
{[%clk 01:32:11]} {[%emt 00:00:05]} 5. c3 {[%clk 01:32:01]} {[%emt 00:00:41]}
f5 {[%clk 01:32:29]} {[%emt 00:00:12]} 6. exf5 {[%clk 01:28:37]} {[%emt
00:03:54]} Bxf5 {[%clk 01:32:47]} {[%emt 00:00:12]} 7. d4 {[%clk 01:18:38]}
{[%emt 00:10:30]} e4 {[%clk 01:31:55]} {[%emt 00:01:22]} 8. Ng5 {[%clk
01:09:39]} {[%emt 00:09:29]} Be7 {[%clk 01:32:12]} {[%emt 00:00:12]} 9. d5
{[%clk 00:57:48]} {[%emt 00:12:21]} Bxg5 {[%clk 01:30:16]} {[%emt 00:02:27]}
10. Qh5+ {[%clk 00:51:23]} {[%emt 00:06:55]} g6 {[%clk 01:30:39]} {[%emt
00:00:06]} 11. Qxg5 {[%clk 00:50:01]} {[%emt 00:01:52]} b5 {[%clk 01:30:37]}
{[%emt 00:00:32]} 12. Bxb5 {[%clk 00:47:45]} {[%emt 00:02:47]} axb5 {[%clk
01:30:53]} {[%emt 00:00:13]} 13. dxc6 {[%clk 00:48:05]} {[%emt 00:00:10]} Qxg5
{[%clk 01:31:06]} {[%emt 00:00:17]} 14. Bxg5 {[%clk 00:48:33]} {[%emt
00:00:02]} h6 {[%clk 01:31:21]} {[%emt 00:00:15]} 15. Be3 {[%clk 00:48:55]}
{[%emt 00:00:09]} Ne7 {[%clk 01:31:19]} {[%emt 00:00:31]} 16. Na3 {[%clk
00:48:04]} {[%emt 00:01:21]} Nxc6 {[%clk 01:30:58]} {[%emt 00:00:52]} 17. Nxb5
{[%clk 00:46:21]} {[%emt 00:02:12]} Kd7 {[%clk 01:21:06]} {[%emt 00:10:21]} 18.
O-O {[%clk 00:45:12]} {[%emt 00:01:39]} Rhb8 {[%clk 01:13:45]} {[%emt
00:07:52]} 19. a4 {[%clk 00:44:27]} {[%emt 00:01:16]} Ne5 {[%clk 01:13:05]}
{[%emt 00:01:09]} 20. b4 {[%clk 00:43:18]} {[%emt 00:01:39]} Nc4 {[%clk
01:06:29]} {[%emt 00:07:06]} 21. Nd4 {[%clk 00:40:07]} {[%emt 00:03:40]} h5
{[%clk 01:04:57]} {[%emt 00:02:03]} 22. Rfb1 {[%clk 00:38:15]} {[%emt
00:02:21]} c5 {[%clk 01:00:43]} {[%emt 00:04:45]} 23. Nc2 {[%clk 00:33:53]}
{[%emt 00:04:52]} Kc6 {[%clk 00:55:47]} {[%emt 00:05:26]} 24. h3 {[%clk
00:26:19]} {[%emt 00:08:05]} Be6 {[%clk 00:51:42]} {[%emt 00:04:34]} 25. Bf4
{[%clk 00:23:58]} {[%emt 00:02:51]} g5 {[%clk 00:49:42]} {[%emt 00:02:30]} 26.
Bxg5 {[%clk 00:22:14]} {[%emt 00:02:15]} Rg8 {[%clk 00:48:25]} {[%emt
00:01:46]} 27. h4 {[%clk 00:22:22]} {[%emt 00:00:22]} d5 {[%clk 00:48:04]}
{[%emt 00:00:51]} 28. bxc5 {[%clk 00:19:35]} {[%emt 00:03:17]} Kxc5 {[%clk
00:47:08]} {[%emt 00:01:26]} 29. Nd4 {[%clk 00:17:36]} {[%emt 00:02:30]} 1-0

[Event "DVM U20 2020"]
[Site "Willingen GER"]
[Date "2021.06.25"]
[Round "3"]
[White "Martin, Richard"]
[Black "Gallasch, Robin"]
[Result "0-1"]
[Termination "normal"]
[Board "1.6"]
[WhiteElo "1923"]
[BlackElo "2067"]
[WhiteClock "00:55:45"]
[BlackClock "00:16:31"]
[WhiteTeam "OSG Baden-Baden"]
[BlackTeam "Schachgemeinschaft Porz e. V."]
[PlyCount "98"]
[WhiteFideId "12925691"]
[BlackFideId "16222423"]
[EventCountry "GER"]
[EventRounds "7"]
[EventType "team-swiss"]
[EventDate "2021.06.23"]

1. e4 {[%clk 01:30:58]} {[%emt 00:00:02]} c6 {[%clk 01:30:54]} {[%emt
00:00:07]} 2. d4 {[%clk 01:31:22]} {[%emt 00:00:05]} d5 {[%clk 01:31:20]}
{[%emt 00:00:04]} 3. exd5 {[%clk 01:31:44]} {[%emt 00:00:08]} cxd5 {[%clk
01:31:44]} {[%emt 00:00:06]} 4. Bd3 {[%clk 01:32:07]} {[%emt 00:00:06]} Nc6
{[%clk 01:32:11]} {[%emt 00:00:04]} 5. c3 {[%clk 01:32:32]} {[%emt 00:00:05]}
Qc7 {[%clk 01:32:30]} {[%emt 00:00:12]} 6. h3 {[%clk 01:32:55]} {[%emt
00:00:06]} Nf6 {[%clk 01:30:25]} {[%emt 00:02:35]} 7. Nf3 {[%clk 01:32:56]}
{[%emt 00:00:28]} g6 {[%clk 01:30:46]} {[%emt 00:00:09]} 8. O-O {[%clk
01:33:20]} {[%emt 00:00:07]} Bf5 {[%clk 01:26:58]} {[%emt 00:04:17]} 9. Ne5
{[%clk 01:32:35]} {[%emt 00:01:15]} Bxd3 {[%clk 00:54:34]} {[%emt 00:32:54]}
10. Nxd3 {[%clk 01:32:48]} {[%emt 00:00:18]} Bg7 {[%clk 00:52:27]} {[%emt
00:02:36]} 11. Bf4 {[%clk 01:32:36]} {[%emt 00:00:43]} Qb6 {[%clk 00:51:59]}
{[%emt 00:00:58]} 12. Nd2 {[%clk 01:31:26]} {[%emt 00:01:38]} O-O {[%clk
00:50:53]} {[%emt 00:01:38]} 13. Qb3 {[%clk 01:21:50]} {[%emt 00:10:06]} Rfc8
{[%clk 00:39:41]} {[%emt 00:11:42]} 14. Rfe1 {[%clk 01:16:44]} {[%emt
00:05:36]} e6 {[%clk 00:36:13]} {[%emt 00:03:58]} 15. Nf3 {[%clk 01:16:19]}
{[%emt 00:00:54]} Na5 {[%clk 00:33:49]} {[%emt 00:02:56]} 16. Qc2 {[%clk
01:12:52]} {[%emt 00:03:55]} Nc4 {[%clk 00:27:47]} {[%emt 00:06:34]} 17. Qe2
{[%clk 01:06:46]} {[%emt 00:06:34]} a5 {[%clk 00:26:04]} {[%emt 00:02:13]} 18.
Nfe5 {[%clk 00:58:46]} {[%emt 00:08:30]} Ne4 {[%clk 00:22:01]} {[%emt
00:04:33]} 19. f3 {[%clk 00:57:41]} {[%emt 00:01:35]} Ned6 {[%clk 00:20:46]}
{[%emt 00:01:46]} 20. h4 {[%clk 00:54:32]} {[%emt 00:03:38]} h5 {[%clk
00:17:49]} {[%emt 00:03:27]} 21. Nxg6 {[%clk 00:48:01]} {[%emt 00:07:02]} fxg6
{[%clk 00:08:35]} {[%emt 00:09:44]} 22. Qxe6+ {[%clk 00:48:12]} {[%emt
00:00:19]} Nf7 {[%clk 00:08:44]} {[%emt 00:00:21]} 23. Qxd5 {[%clk 00:45:08]}
{[%emt 00:03:33]} Qc6 {[%clk 00:07:39]} {[%emt 00:01:35]} 24. Qxc6 {[%clk
00:43:12]} {[%emt 00:02:27]} Rxc6 {[%clk 00:07:03]} {[%emt 00:01:06]} 25. Re7
{[%clk 00:41:55]} {[%emt 00:01:45]} Ncd6 {[%clk 00:06:18]} {[%emt 00:01:17]}
26. Rae1 {[%clk 00:40:12]} {[%emt 00:02:12]} Bf6 {[%clk 00:03:07]} {[%emt
00:03:41]} 27. Rd7 {[%clk 00:40:02]} {[%emt 00:00:40]} Rd8 {[%clk 00:01:47]}
{[%emt 00:01:50]} 28. Rxd8+ {[%clk 00:40:07]} {[%emt 00:00:26]} Bxd8 {[%clk
00:02:10]} {[%emt 00:00:06]} 29. Re6 {[%clk 00:38:31]} {[%emt 00:02:04]} Nf5
{[%clk 00:01:42]} {[%emt 00:01:01]} 30. Re8+ {[%clk 00:38:32]} {[%emt
00:00:29]} Kh7 {[%clk 00:02:08]} {[%emt 00:00:03]} 31. Ne5 {[%clk 00:38:50]}
{[%emt 00:00:12]} Nxe5 {[%clk 00:01:25]} {[%emt 00:01:15]} 32. Bxe5 {[%clk
00:38:21]} {[%emt 00:00:58]} Bf6 {[%clk 00:01:39]} {[%emt 00:00:16]} 33. d5
{[%clk 00:37:34]} {[%emt 00:01:16]} Rb6 {[%clk 00:01:41]} {[%emt 00:00:29]} 34.
Bxf6 {[%clk 00:36:08]} {[%emt 00:01:56]} Rxf6 {[%clk 00:02:10]} {[%emt
00:00:01]} 35. Re4 {[%clk 00:35:59]} {[%emt 00:00:34]} Kg7 {[%clk 00:01:43]}
{[%emt 00:01:02]} 36. Rc4 {[%clk 00:32:57]} {[%emt 00:03:27]} Rd6 {[%clk
00:00:57]} {[%emt 00:01:21]} 37. Rc7+ {[%clk 00:33:07]} {[%emt 00:00:20]} Kf6
{[%clk 00:01:25]} {[%emt 00:00:02]} 38. c4 {[%clk 00:30:00]} {[%emt 00:03:37]}
b6 {[%clk 00:00:42]} {[%emt 00:01:14]} 39. Kf2 {[%clk 00:30:20]} {[%emt
00:00:09]} Ke5 {[%clk 00:00:50]} {[%emt 00:00:22]} 40. g4 {[%clk 00:30:19]}
{[%emt 00:00:30]} hxg4 {[%clk 00:00:49]} {[%emt 00:00:32]} 41. fxg4 {[%clk
00:30:43]} {[%emt 00:00:06]} Nxh4 {[%clk 00:22:26]} {[%emt 00:08:53]} 42. Kg3
{[%clk 00:57:10]} {[%emt 00:04:03]} g5 {[%clk 00:22:50]} {[%emt 00:00:06]} 43.
c5 {[%clk 00:56:29]} {[%emt 00:01:11]} bxc5 {[%clk 00:21:05]} {[%emt 00:02:14]}
44. Rxc5 {[%clk 00:56:35]} {[%emt 00:00:25]} Rxd5 {[%clk 00:21:27]} {[%emt
00:00:08]} 45. Rc2 {[%clk 00:55:45]} {[%emt 00:01:19]} Rd3+ {[%clk 00:20:28]}
{[%emt 00:01:30]} 46. Kf2 {[%clk 00:56:10]} {[%emt 00:00:04]} Ng6 {[%clk
00:18:05]} {[%emt 00:02:53]} 47. a3 {[%clk 00:55:54]} {[%emt 00:00:46]} Nf4
{[%clk 00:16:31]} {[%emt 00:02:04]} 48. Rc5+ {[%clk 00:55:58]} {[%emt
00:00:27]} Rd5 {[%clk 00:16:54]} {[%emt 00:00:08]} 49. Rc2 {[%clk 00:55:45]}
{[%emt 00:00:41]} Rb5 {[%clk 00:16:31]} {[%emt 00:00:53]} 0-1